Ráčte vstúpiť. Podniky a činnosti, kde má prioritu zahraničný kapitál.
Prehľad podnikov, resp. oblasti činnosti, v ktorých má vláda SR najväčší záujem o vstup zahraničného kapitálu, usporiadaný podľa odvetví a spracovaný Ministerstvom hospodárstva SR.
Salvato in:
| Natura: | Capitolo di libro |
|---|---|
| Lingua: | slovacco |
| Soggetti: | |
| Tags: |
Nessun Tag, puoi essere il primo ad aggiungerne!!
|
MARC
| LEADER | 00000naa a2200000 4500 | ||
|---|---|---|---|
| 001 | r012651 | ||
| 005 | 20220826095009.6 | ||
| 041 | 0 | |a slo | |
| 044 | |a SK | ||
| 245 | 1 | 0 | |a Ráčte vstúpiť. |b Podniky a činnosti, kde má prioritu zahraničný kapitál. |
| 520 | |a Prehľad podnikov, resp. oblasti činnosti, v ktorých má vláda SR najväčší záujem o vstup zahraničného kapitálu, usporiadaný podľa odvetví a spracovaný Ministerstvom hospodárstva SR. | ||
| 610 | 2 | 0 | |a kapitál zahraničný |
| 610 | 2 | 0 | |a Slovensko |
| 610 | 2 | 0 | |a odvetvia činnosti ekonomickej |
| 610 | 2 | 0 | |a podnik |